| 000 | 01727nam a2200433 i 4500 | ||
|---|---|---|---|
| 001 | 2080 | ||
| 003 | KOSZ 005 | ||
| 005 | 20200807115432.0 | ||
| 008 | 000320s1980 pl a |000 0 pol | ||
| 015 | _aPB 1980/5677 | ||
| 035 | _a(OCoLC)830241536 | ||
| 040 |
_aWA N _cWA N _dKOSZ 005/HR |
||
| 041 | 0 | _apol | |
| 046 | _k1980 | ||
| 080 | _a005.342 | ||
| 080 | _a330.34 | ||
| 080 | _a005.342 | ||
| 245 | 0 | 0 |
_aOrganizacja i zarządzanie procesami innowacyjnymi w jednostkach gospodarczych : _b[praca zbiorowa]. _nT. 1 / _cpod red. Adndrzeja Kostrzewy ; [zespół aut. Jan Antoszkiewicz et al.] ; Towarzystwo Naukowe Organizacji i Kierownictwa. Oddział w Bydgoszczy, Metodyczny Ośrodek Doskonalenia Organizatorów. |
| 260 |
_aBydgoszcz : _bTNOiK, _c1980. |
||
| 300 |
_aS. 3-197 s. : _bil., wykr. ; _c20 cm. |
||
| 336 |
_2rdacontent _aTekst _btxt |
||
| 337 |
_2rdamedia _aBez urządzenia pośredniczącego _bn |
||
| 338 |
_2rdacarrier _aWolumin _bnc |
||
| 380 | _aKsiążki | ||
| 388 | _a1901-2000 | ||
| 388 | _a1945-1989 | ||
| 490 | 1 | _aBiblioteczka Organizacji i Zarządzania Gospodarczych : poradnik zawodowy. | |
| 658 | _aZarządzanie i marketing | ||
| 650 | 4 | _aOrganizacja | |
| 650 | 4 | _aInnowacje | |
| 650 | 4 | _aZarządzanie innowacjami | |
| 655 | 4 | _aPoradnik | |
| 700 | 1 |
_aKostrzewa, Andrzej _d(1928- ). _eRedakcja |
|
| 700 | 1 |
_aAntoszkiewicz, Jan D. _d(1937- ) _eAutor |
|
| 710 | 2 |
_aTowarzystwo Naukowe Organizacji i Kierownictwa _bOddział (Bydgoszcz) _4pbl. |
|
| 830 | 0 | _aBiblioteczka Organizacji i Zarządzania. | |
| 856 |
_uhttp://koha.tu.koszalin.pl/cgi-bin/koha/opac-detail.pl?biblionumber=2080 _y Katalog online BPK |
||
| 942 |
_2UKD _cKS |
||
| 999 |
_c2080 _d2080 |
||